The Influence of Cosmic Factors on Spacecraft; Космическое приборостроение

Bibliographische Detailangaben
Parent link:Космическое приборостроение.— 2015.— [С. 287-289]
1. Verfasser: Bui Duc Bien
Körperschaft: Национальный исследовательский Томский политехнический университет
Weitere Verfasser: Ivanova V. S. Veronika Sergeevna (научный руководитель)
Zusammenfassung:Заглавие с титульного экрана
Sprache:Englisch
Veröffentlicht: 2015
Schriftenreihe:Space instrument making
Schlagworte:
Online-Zugang:http://earchive.tpu.ru/handle/11683/64456
http://www.lib.tpu.ru/fulltext/c/2015/C22/058.pdf
Format: MixedMaterials Elektronisch Buchkapitel
KOHA link:https://koha.lib.tpu.ru/cgi-bin/koha/opac-detail.pl?biblionumber=612186

MARC

LEADER 00000naa2a2200000 4500
001 612186
005 20260421112022.0
035 |a (RuTPU)RU\TPU\conf\10292 
035 |a RU\TPU\conf\10290 
090 |a 612186 
100 |a 20150522d2015 k y0rusy50 ba 
101 0 |a eng 
102 |a RU 
135 |a drcn ---uucaa 
181 0 |a i  
182 0 |a b 
200 1 |a The Influence of Cosmic Factors on Spacecraft  |f Bui Duc Bien  |g sci. adv. V. S. Ivanova 
203 |a Текст  |c электронный 
225 1 |a Space instrument making 
300 |a Заглавие с титульного экрана 
320 |a [Библиогр.: с. 289 (5 назв.)] 
337 |a Adobe Reader 
463 1 |0 (RuTPU)RU\TPU\conf\9748  |t Космическое приборостроение  |o сборник научных трудов III Всероссийского форума школьников, студентов, аспирантов и молодых ученых с международным участием, г. Томск, 8-10 апреля 2015 г.  |f Национальный исследовательский Томский политехнический университет (ТПУ)  |v [С. 287-289]  |d 2015 
610 1 |a труды учёных ТПУ 
610 1 |a электронный ресурс 
610 1 |a космические факторы 
610 1 |a космические корабли 
610 1 |a космические летательные аппараты 
700 0 |a Bui Duc Bien 
702 1 |a Ivanova  |b V. S.  |c specialist in the field of instrument making  |c Associate Professor of Tomsk Polytechnic University, Candidate of technical sciences  |f 1977-  |g Veronika Sergeevna  |4 727 
712 0 2 |a Национальный исследовательский Томский политехнический университет  |c (2009- )  |9 26305 
801 2 |a RU  |b 63413507  |c 20210212  |g RCR 
856 4 |u http://earchive.tpu.ru/handle/11683/64456 
856 4 |u http://www.lib.tpu.ru/fulltext/c/2015/C22/058.pdf 
942 |c BK